सामान्य हिन्दी व्याकरण (Record no. 1910)
[ view plain ]
| 000 -LEADER | |
|---|---|
| fixed length control field | 01246 a2200253 4500 |
| 005 - DATE AND TIME OF LATEST TRANSACTION | |
| control field | 20080910115635.0 |
| 008 - FIXED-LENGTH DATA ELEMENTS--GENERAL INFORMATION | |
| fixed length control field | 080910t xxu||||| |||| 00| 0 hin d |
| 010 ## - LIBRARY OF CONGRESS CONTROL NUMBER | |
| LC control number | HIN-79411 |
| 020 ## - INTERNATIONAL STANDARD BOOK NUMBER | |
| International Standard Book Number | 8188099864 |
| Terms of availability | 350.00 |
| 035 ## - SYSTEM CONTROL NUMBER | |
| System control number | HN-51757 |
| 037 ## - SOURCE OF ACQUISITION | |
| Source of stock number/acquisition | D.B.Act / ven |
| 082 ## - DEWEY DECIMAL CLASSIFICATION NUMBER | |
| Classification number | 425 |
| 100 ## - MAIN ENTRY--PERSONAL NAME | |
| Personal name | ब्रजकिशोर प्रसाद सिंह |
| 245 ## - TITLE STATEMENT | |
| Title | सामान्य हिन्दी व्याकरण |
| Statement of responsibility, etc | ब्रजकिशोर प्रसाद सिंह |
| 246 ## - VARYING FORM OF TITLE | |
| Title proper/short title | Samanya Hindi Vyakaran |
| Remainder of title | by Brij Kishore Prasad Singh |
| 260 ## - PUBLICATION, DISTRIBUTION, ETC. (IMPRINT) | |
| Place of publication, distribution, etc | जयपुर |
| Date of publication, distribution, etc | 2007 |
| Name of publisher, distributor, etc | मनोज पब्लिकेशन्स |
| 260 ## - PUBLICATION, DISTRIBUTION, ETC. (IMPRINT) | |
| Place of publication, distribution, etc | जयपुर (वितरक) अनु प्रकाशन |
| 270 ## - ADDRESS | |
| Address | 958, धामाणी मार्केट की गली, चौड़ा रास्ता |
| 300 ## - PHYSICAL DESCRIPTION | |
| Extent | 304पृ |
| Dimensions | 22 सेमी (सजिल्द) |
| 650 ## - SUBJECT ADDED ENTRY--TOPICAL TERM | |
| Topical term or geographic name as entry element | हिन्दी व्याकरण |
| 650 ## - SUBJECT ADDED ENTRY--TOPICAL TERM | |
| Topical term or geographic name as entry element | Hindi Vyakaran |
| 942 ## - ADDED ENTRY ELEMENTS (KOHA) | |
| Institution code [OBSOLETE] | dpl |
| Koha item type | Hindi Books |
| Call number prefix | 425 / ब्रजकि |
| Source of classification or shelving scheme | Dewey Decimal Classification |
| Classification part | 425 |
| Call number suffix | ब्रजकि |
| Withdrawn status | Lost status | Damaged status | Not for loan | Home library | Current library | Date acquired | Cost, normal purchase price | Total Checkouts | Full call number | Barcode | Date last seen | Copy number | Uniform Resource Identifier | Cost, replacement price | Price effective from | Koha item type |
|---|---|---|---|---|---|---|---|---|---|---|---|---|---|---|---|---|
| D.B.Act.Division | D.B.Act.Division | 10/09/2008 | 350.00 | 425 ब्रजकि | HN-51757 | 15/09/2008 | 1 | 2020 | 350.00 | 15/09/2008 | Hindi Books |
